Joueurs et joueuses de tennis de table - Images - Statistiques

Statistiques générales
  • Ce quiz a été pris 254 fois
  • Le résultat moyen est 14 sur 20
Statistiques - réponses
Par images Réponse % Correct
Ma Long
95%
Alexis Lebrun
92%
Félix Lebrun
92%
Prithika Pavade
83%
Quadri Aruna
79%
Dang Qiu
75%
Wang Chuqin
74%
Fan Zhendong
71%
Liang Jingkun
68%
Miwa Harimoto
65%
Adriana Diaz
64%
Dimitrij Ovtcharov
64%
Jia Nan Yuan
64%
Bernadette Szocs
61%
Sun Yingsha
61%
Lin Yun Ju
57%
Bruna Takahashi
53%
Wang Manyu
52%
Shin Yubin
51%
Hina Hayata
50%
Aucun quiz correspondant
Distribution des résultats
% des personnes avec chaque résultat
Percentile par nombre de réponses
Votre historique - résultats
Vous n’avez pas pris ce quiz